00410nam a2200157Ia 4500003000400000008004100004040001600045082001300061100001900074245004700093700002000140260004200160300001200202650001500214650002300229GCL140319s9999 xx 000 0 eng d aGCL / cGCL04a860bS L1 aBOYERS, ROBERT10aLITERATURA : Y POLITICA / cBOYERS, ROBERT1 aSTEINER, GEORGE a[S.N] : bALIANZA EDITORIAL ، c1985 a331 P P04aLITERATURE04aSPANISH LITERATURE